Länder Afrikas zuordnen - Statistiken

Allgemein
  • Dieses Quiz wurde 653 mal gespielt
  • Das Durchschnittsergebnis liegt bei 32 aus 54
Antworten auf der Karte
Die Antworten werden auf der Karte rot bzw. grün angezeigt, abhängig davon wie oft sie richtig erraten wurden.
 
Antwortstatistiken
Antwort % Korrekt
Südafrika
82%
Ägypten
80%
Libyen
80%
Algerien
79%
Marokko
77%
Madagaskar
76%
Tunesien
76%
Mauretanien
73%
Südsudan
71%
Sudan
68%
Zentralafrikanische Republik
67%
Namibia
65%
Mali
64%
Angola
63%
Lesotho
63%
Äthiopien
62%
Elfenbeinküste
62%
Kap Verde
62%
Nigeria
62%
Senegal
61%
Eritrea
60%
Mauritius
60%
Tschad
60%
Demokratische Republik Kongo
59%
Ghana
59%
Ruanda
59%
Somalia
59%
Eswatini
58%
Mosambik
58%
Niger
58%
São Tomé und Príncipe
58%
Seychellen
58%
Dschibuti
57%
Kamerun
57%
Togo
57%
Kenia
56%
Äquatorialguinea
55%
Republik Kongo
54%
Simbabwe
54%
Benin
53%
Burkina Faso
53%
Botswana
51%
Komoren
51%
Gambia
50%
Guinea
50%
Malawi
50%
Uganda
50%
Liberia
49%
Tansania
49%
Burundi
48%
Guinea-Bissau
48%
Sierra Leone
45%
Gabun
43%
Sambia
42%
Keine übereinstimmenden Quizze gefunden
Verteilung der Resultate
Anzahl Personen mit jedem Resultat
Perzentil nach korrekt beantworteten Fragen
Ihre Resultats-Entwicklung
Sie haben dieses Quiz noch nicht gespielt